[Event "AUTO-MASTER-3292"]
[Site "http://www.queenalice.com/game.php?id=1867589"]
[Date "2026.1.7"]
[Round "1"]
[White "mennecy91"]
[Black "cerenzo72"]
[Result "0-1"]
[WhiteElo "2081"]
[BlackElo "2134"]

1. c4 Nf6 2. Nc3 c6 3. e4 e5 4. g3 d5 5. cxd5 cxd5 6. exd5 Nxd5 7. Bg2 Nxc3 8.
bxc3 Bc5 9. Ne2 Nc6 10. O-O O-O 11. Rb1 Qd3 12. Rb2 Bg4 13. Re1 Rad8 14. h3 Bh5
15. g4 Bg6 16. Ng3 Qxg3 0-1

[Event "Challenge"]
[Site "http://www.queenalice.com/game.php?id=1867730"]
[Date "2026.1.8"]
[Round "-"]
[White "jogo"]
[Black "mennecy91"]
[Result "0-1"]
[WhiteElo "1763"]
[BlackElo "2088"]

1. e4 c5 2. Nf3 Nc6 3. c3 g6 4. d4 cxd4 5. cxd4 Bg7 6. Nc3 Nf6 7. e5 Ng4 8. h3
Nh6 9. Bf4 O-O 10. Qd2 Nf5 11. g4 Nfxd4 12. Nxd4 Nxe5 13. O-O-O a6 14. Re1 d6
15. Ne4 Qc7+ 16. Kb1 Qb6 17. Bh6 Bxh6 18. Qxh6 f6 19. Nf5 Bxf5 20. gxf5 Nf7 21.
Qh4 Qa5 22. Be2 Qxf5 23. Bg4 Qf4 24. Nc3 Qg5 25. Qxg5 Nxg5 26. Rxe7 f5 27. Be2
b5 0-1

[Event "Challenge"]
[Site "http://www.queenalice.com/game.php?id=1867731"]
[Date "2026.1.8"]
[Round "-"]
[White "mennecy91"]
[Black "jogo"]
[Result "1-0"]
[WhiteElo "2085"]
[BlackElo "1750"]

1. c4 Nf6 2. Nc3 e6 3. e4 d6 4. g3 c5 5. Bg2 Nc6 6. Nge2 Be7 7. d3 O-O 8. O-O h6
9. h3 Nd4 10. Be3 Nxe2+ 11. Nxe2 d5 12. cxd5 exd5 13. Rc1 d4 14. Bd2 Rb8 15. f4
b5 16. f5 Nh5 17. g4 Nf6 18. Ng3 Bd6 19. Qf3 Qc7 20. Bf4 Bxf4 21. Qxf4 Qxf4 22.
Rxf4 Nd7 23. h4 Ne5 24. Bf1 g5 25. hxg5 hxg5 26. Rf2 Nxg4 27. Rf3 1-0

[Event "AUTO-MASTER-3298"]
[Site "http://www.queenalice.com/game.php?id=1870374"]
[Date "2026.3.12"]
[Round "1"]
[White "bmax"]
[Black "mennecy91"]
[Result "1/2-1/2"]
[WhiteElo "2278"]
[BlackElo "2103"]

1. d4 Nf6 2. Nf3 e6 3. e3 b6 4. b3 Bb7 5. Bb2 Nc6 6. Bd3 Be7 7. O-O O-O 8. Nbd2
h6 9. Re1 Nb4 10. Bf1 Rc8 11. a3 Nc6 12. e4 d6 13. e5 dxe5 14. dxe5 Nh7 15. Bd3
Ng5 16. Nxg5 Bxg5 17. Ne4 Be7 1/2-1/2

[Event "AUTO-MASTER-3298"]
[Site "http://www.queenalice.com/game.php?id=1870375"]
[Date "2026.3.12"]
[Round "1"]
[White "mennecy91"]
[Black "cerenzo72"]
[Result "1/2-1/2"]
[WhiteElo "2136"]
[BlackElo "2198"]

1. c4 g6 2. Nc3 Bg7 3. g3 e5 4. Bg2 d6 5. e4 Nc6 6. Nge2 Nge7 7. h3 O-O 8. O-O
Be6 9. d3 a5 10. Be3 Qd7 11. Kh2 f5 12. f4 fxe4 13. Nxe4 exf4 14. Nxf4 Bxb2 15.
Rb1 Be5 16. Rxb7 Rab8 17. Rxb8 Rxb8 18. Nxe6 Qxe6 19. Ng5 Qc8 20. Qf3 Nf5 21.
Qd5+ Kh8 22. Nf7+ Kg7 23. Nxe5 Nxe5 24. Bd4 Nxd4 25. Qxd4 Qd7 26. g4 Re8 27. Qc3
c5 28. Be4 1/2-1/2

[Event "AUTO-MASTER-3298"]
[Site "http://www.queenalice.com/game.php?id=1870376"]
[Date "2026.3.12"]
[Round "1"]
[White "cerenzo72"]
[Black "mennecy91"]
[Result "1/2-1/2"]
[WhiteElo "2171"]
[BlackElo "2145"]

1. c4 c5 2. Nc3 Nc6 3. g3 g6 4. Bg2 Bg7 5. Nf3 d6 6. O-O Nf6 7. d4 cxd4 8. Nxd4
Bd7 9. Nb3 O-O 10. e4 Rc8 11. Bg5 Ne5 12. Qe2 Nxc4 13. Rac1 h6 14. Be3 Nxe3 15.
Qxe3 b6 16. Rfd1 Kh7 17. Rc2 Ba4 18. Rdc1 Bxb3 19. axb3 Ng4 20. Qd3 Ne5 1/2-1/2

[Event "AUTO-MASTER-3298"]
[Site "http://www.queenalice.com/game.php?id=1870377"]
[Date "2026.3.12"]
[Round "1"]
[White "mennecy91"]
[Black "Pin"]
[Result "1-0"]
[WhiteElo "2108"]
[BlackElo "2099"]

1. c4 c5 2. Nc3 Nf6 3. g3 g6 4. Bg2 Bg7 5. e4 e5 6. Nge2 O-O 7. O-O d6 8. h3 Nc6
9. d3 Be6 10. Be3 Nd4 11. f4 exf4 12. Nxf4 Bd7 13. g4 Bc6 14. Nfd5 Re8 15. Bg5
h6 16. Bxf6 1-0

[Event "AUTO-MASTER-3298"]
[Site "http://www.queenalice.com/game.php?id=1870378"]
[Date "2026.3.12"]
[Round "1"]
[White "Pin"]
[Black "mennecy91"]
[Result "1/2-1/2"]
[WhiteElo "2140"]
[BlackElo "2119"]

1. e4 c5 2. Nf3 Nc6 3. d4 cxd4 4. Nxd4 g6 5. Bc4 Bg7 6. c3 Nf6 7. Nxc6 bxc6 8.
Qe2 d6 9. O-O O-O 10. Bg5 h6 11. Bc1 Kh7 12. Nd2 Bg4 13. f3 Be6 14. Bd3 Rb8 15.
Bc4 Bxc4 16. Nxc4 Nd7 17. f4 Rb5 18. a4 Rb7 19. Kh1 Nc5 20. Rd1 Nb3 21. Rb1 Qb8
22. f5 Nxc1 23. Rdxc1 Qc8 24. Rf1 d5 25. fxg6+ fxg6 26. exd5 cxd5 27. Ne5 Rxf1+
28. Rxf1 Bxe5 29. Qxe5 e6 1/2-1/2

[Event "AUTO-MASTER-3302"]
[Site "http://www.queenalice.com/game.php?id=1872242"]
[Date "2026.4.21"]
[Round "1"]
[White "mennecy91"]
[Black "Capixabba789"]
[Result "1-0"]
[WhiteElo "1986"]
[BlackElo "1860"]

1. c4 e5 2. Nc3 d6 3. g3 f5 4. Bg2 Nf6 5. d3 Be7 6. e4 O-O 7. Nge2 fxe4 8. Nxe4
Nxe4 9. Bxe4 c6 10. Nc3 Qe8 11. Be3 Bf5 12. Bg2 Nd7 13. O-O Nf6 14. h3 c5 15.
Nd5 Nxd5 16. Bxd5+ Kh8 17. g4 Bg6 18. Qd2 Rb8 19. f4 exf4 20. Bxf4 b6 21. Rae1
Qd8 22. b3 Bf6 23. Re6 Bd4+ 24. Kh1 Qh4 25. Kh2 Be5 26. Be4 Bxe4 27. dxe4 Rf7
28. Rf3 Rbf8 29. Rxe5 Qd8 30. Rf5 Qe7 31. Qxd6 Qe8 32. Be5 Rxf5 33. Rxf5 Rxf5
34. exf5 1-0

[Event "AUTO-MASTER-3302"]
[Site "http://www.queenalice.com/game.php?id=1872244"]
[Date "2026.4.21"]
[Round "1"]
[White "mennecy91"]
[Black "rviana"]
[Result "0-1"]
[WhiteElo "1999"]
[BlackElo "2067"]

1. c4 Nf6 2. Nc3 e5 3. e4 Nc6 4. g3 Nd4 5. Bg2 Bc5 6. Nge2 c6 7. O-O O-O 8. d3
b6 9. Kh1 Bb7 10. h3 h6 11. f4 Bd6 12. f5 Qe7 13. g4 Bb4 14. Ng3 d5 15. cxd5
cxd5 16. Nxd5 Nxd5 17. exd5 Qh4 18. Kh2 Bd6 0-1

[Event "AUTO-MASTER-3302"]
[Site "http://www.queenalice.com/game.php?id=1872246"]
[Date "2026.4.21"]
[Round "1"]
[White "mennecy91"]
[Black "chessman"]
[Result "0-1"]
[WhiteElo "2128"]
[BlackElo "2071"]

1. c4 c6 2. e4 d5 3. cxd5 cxd5 4. exd5 Qxd5 5. Nc3 Qa5 6. g3 Nf6 7. Bg2 e6 8.
Qb3 Nc6 9. Nge2 Bd6 10. O-O O-O 11. d4 Qc7 0-1